000 00538nam a22001937a 4500
003 MPLRDC
005 20220104195011.0
008 210129b ||||| |||| 00| 0 eng d
020 _a978-967-0564-31-9
082 _a859.6 DXY-2
100 _a邓秀茵
245 _a爱,一直在这里守候
_c
250 _a初版一刷
260 _a马来西亚
_b红蜻蜓出版有限公司 ODONATA PUBLISHING SDN BHD
_c2014
300 _b
490 _a小大人: 04
650 _a儿童故事;儿童小说
942 _cBK
_o859.6 DXY-2
999 _c65963
_d65953